000 00681cam a22002291 4500
001 28607
003 BD-RjUL
005 20211209051315.0
008 140331s1961 sa a 000 0 eng
035 _a(BD-RjUL)28688
040 _aDLC
_cDLC
_dDLC
_beng
041 _aeng
082 _a968.1
_bGAT 1961
100 1 _aGabatshwane, S. M.
_987592
245 1 0 _aTshekedi Khama of Bechuanaland :
_bgreat statesman and politician /
_cForeword by Margery Perham.
260 _aCape Town :
_bOxford University Press,
_c1961.
300 _a69 p. :
_bill. ;
_c19 cm.
600 1 0 _aKhama, Tshekedi,
_d1905-1959.
_987594
942 _2ddc
_cBK
999 _c28607
_d28607